Metafísica de la libertad.
Salvato in:
| Autore principale: | |
|---|---|
| Natura: | Libro |
| Pubblicazione: |
Buenos Aires, Argentina:
Nova,
1960.
|
| Serie: | Vida del Espíritu.
|
| Soggetti: | |
| Tags: |
Aggiungi Tag
Nessun Tag, puoi essere il primo ad aggiungerne!!
|
MARC
| LEADER | 00000nam a22000007a 4500 | ||
|---|---|---|---|
| 003 | CL-VaPUC | ||
| 005 | 20250108095057.0 | ||
| 008 | 220725t1960 ||||| |||| 00| 0 eng d | ||
| 999 | |c 437480 |d 437478 | ||
| 040 | |c Pontificia Universidad Católica de Valparaíso | ||
| 082 | 7 | |a 123.5 SCH 1960 |2 22 | |
| 100 | 1 | |a Scheler, Max Ferdinand |9 873788 |e autor | |
| 245 | |a Metafísica de la libertad. | ||
| 260 | |a Buenos Aires, Argentina: |b Nova, |c 1960. | ||
| 300 | |a 276 páginas. | ||
| 490 | |a Vida del Espíritu. | ||
| 500 | |a c.1 Donación Familia Prof. Alejandro Guzmán Brito. | ||
| 583 | |c 20220725 |k Catalogador Asistente | ||
| 650 | |a Libertad |9 255686 | ||
| 650 | 0 | |a Determinismo |9 322357 | |
| 650 | 0 | |a Antropología filosófica |9 265842 | |
| 942 | |2 ddc |c BK |n 0 | ||
| 952 | |0 0 |1 0 |2 ddc |4 0 |6 123_500000000000000_SCH_1960 |7 0 |8 C_AGB |9 585250 |a BIBDER |b BIBDER |d 2022-07-25 |e Donación |i 5653304 |o 123.5 SCH 1960 |p 5653304 |r 2023-01-25 |t 1 |w 2022-07-25 |y BK_US |k AGB | ||